| 000 | 00635nam a22002177a 4500 | ||
|---|---|---|---|
| 003 | OSt | ||
| 005 | 20251125165818.0 | ||
| 008 | 251125b |||||||| |||| 00| 0 eng d | ||
| 020 | _a0-415-97419-4. | ||
| 040 |
_aDWCL-Main lib _cOC |
||
| 082 | _aGR. 370.1 D582t 2006 | ||
| 100 | _aDimitriadis, Greg | ||
| 245 |
_aTheory of Education _cDimitriadis, Greg |
||
| 260 |
_aN. Y. : _bRoutledge, _cc2006. |
||
| 300 |
_ax, 206 pages ; _c23 cm. |
||
| 504 | _aIncludes bibliographical references. | ||
| 650 | _21. Education-Biography. | ||
| 650 | _22. Education-Philosophy-History. | ||
| 700 | _aKamberelis, George | ||
| 942 |
_2ddc _cGR _kGR. _n0 |
||
| 999 |
_c6325 _d6325 |
||